| 000 | 00654nam a22001937a 4500 | ||
|---|---|---|---|
| 005 | 20240805150024.0 | ||
| 010 | _aENG-141194 | ||
| 020 |
_c999.00 _a9788196671181 |
||
| 035 | _aEN-124726 | ||
| 037 | _bDBAD | ||
| 082 |
_a658.4038 _21 |
||
| 100 |
_aSuresh, Lata _969482 |
||
| 245 | 0 | 0 |
_aKnowledge Management: _cBy Lata Suresh _bMaximizing Organizational Intelligence for Success/ |
| 250 | _a1 | ||
| 260 |
_aMumbai _bKabdwal Book International |
||
| 270 |
_aPlot No. 179, D/42, Raigad CHS, Sector 1, Charkop, Kandivali(W) _bMumbai _e400067 _morder@kabdwalbook.com |
||
| 300 |
_a426p. _c22cm(pbk) |
||
| 942 |
_2ddc _cEN _mSUR _h658.4038 _e1 |
||
| 999 |
_c204837 _d204837 |
||